000 00659nam a2200193Ii 4500
003 JO-AjNU
008 230605s9999||||xx |||||||||||||| ||und||
040 _aJO-AjNU
_bara
_erda
_cJO-AjNU
041 _aara
050 1 4 _aBP150.A2846 1987
100 3 _aأبو زهرة، محمد,
_eauthor
_915662
245 0 0 _aتاريخ المذاهب الإسلامية في تاريخ المذاهب الفقهية، ج2
264 3 1 _aد.م: د.ن، 1987
300 _aج2، 735ص
336 _atext
_btxt
_2rdacontent
337 _aunmediated
_bn
_2rdamedia
338 _avolume
_bnc
_2rdacarrier
650 4 _aالفقة الاسلامي - مذاهب - تاريخ
_915663
999 _aA4474
_c8042
_d8042